000 01399nam a22002537a 4500
005 20240305165506.0
007 cr|||| ||||
008 180421s2018 mx |||||s|||| 00||0 spa d
020 _a978-607-541-009-8
035 _a21446
040 _avLex
090 _c7799
_d7799
100 1 _aLuna Guerra, Antonio
245 1 0 _aEstudio practico de las operaciones relevantes 2018
_h[Recurso electrónico] /
_cAntonio Luna Guerra
256 _aServicio en línea
260 _aCiudad de México:
_bEdiciones Fiscales ISEF,
_c2018
300 _a1 recurso electrónico
500 _aCuando el contribuyente realice una de las operaciones señaladas en esta obra: ESTUDIO PRACTICO DE LAS OPERACIONES RELEVANTES, tendrá que realizar (a partir de 2015) una declaración informativa de OPERACIONES RELEVANTES. Esto para que la autoridad tenga mayores elementos de fiscalización. ¡Conozca este tema a fondo!
506 1 _aDisponible solo en los productos indicados
_dvLex Global
_dvLex Global (Academic Edition, excluding Law Schools)
_dvLex Global (U.S. Academic Edition, Law Schools)
_dvLex Global (U.S. Academic Edition, excluding Law Schools)
_dvLex Global (Academic Edition, Law Schools)
650 0 4 _aDerecho Fiscal
_zMéxico
740 0 _avLex Libros (Servicio en línea)
856 4 0 _uhttps://app.vlex.com/#/sources/estudio-practico-de-las-operaciones-relevantes-2018-21446
942 _cRAA
999 _c166036
_d166036